Eine deutsche Fassung der Stephanslegende aus dem Jahre 1471

Elmentve itt :
Bibliográfiai részletek
Szerző: Vizkelety András
Dokumentumtípus: Cikk
Megjelent: Akadémiai Kiadó Budapest 1968
Sorozat:Magyar könyvszemle : könyv- és sajtótörténeti folyóirat = Revue pour l'histoire du livre et de la presse
Kulcsszavak:Német nyelvemlék - 15. sz., Szentek élete - magyar, I. Szent István
Tárgyszavak:
Online Access:http://misc.bibl.u-szeged.hu/61421
LEADER 00981nab a2200241 i 4500
001 misc61421
005 20240828122129.0
008 240213s1968 hu o 000 ger d
040 |a SZTE Miscellanea Repozitórium  |b hun 
041 |a ger 
100 1 |a Vizkelety András 
245 1 0 |a Eine deutsche Fassung der Stephanslegende aus dem Jahre 1471  |h [elektronikus dokumentum] /  |c  Vizkelety András 
260 |a Akadémiai Kiadó  |b Budapest  |c 1968 
300 |a 129-145  |c 25 cm 
300 |a [17] p.  |c 25 cm 
490 0 |a Magyar könyvszemle : könyv- és sajtótörténeti folyóirat = Revue pour l'histoire du livre et de la presse 
561 |a Németh Gyula hagyaték 
591 |a NOV 6373 
650 4 |a Bölcsészettudományok 
650 4 |a Történettudomány és régészet 
650 4 |a Nyelvek és irodalom 
695 |a Német nyelvemlék - 15. sz., Szentek élete - magyar, I. Szent István 
856 4 0 |u http://misc.bibl.u-szeged.hu/61421/1/6373_nov.pdf  |z Dokumentum-elérés